Monetary reform in Eastern Europe.
Problematika zameniteľnosti mien pri väčšine bežných účtovníckych operácií v krajinách strednej a východnej Európy. Otázka fixných výmenných kurzov. Menová reforma v bývalom Sovietskom zväze.
Guardado en:
| Autor principal: | |
|---|---|
| Formato: | Capítulo de libro |
| Lenguaje: | inglés |
| Materias: | |
| Etiquetas: |
Sin Etiquetas, Sea el primero en etiquetar este registro!
|
MARC
| LEADER | 00000naa a2200000 4500 | ||
|---|---|---|---|
| 001 | r009867 | ||
| 005 | 20221130112822.6 | ||
| 041 | 0 | |a eng | |
| 044 | |a NL | ||
| 245 | 1 | 0 | |a Monetary reform in Eastern Europe. |c E.J. Bomhoff |
| 520 | |a Problematika zameniteľnosti mien pri väčšine bežných účtovníckych operácií v krajinách strednej a východnej Európy. Otázka fixných výmenných kurzov. Menová reforma v bývalom Sovietskom zväze. | ||
| 610 | 2 | 0 | |a reformy menové |
| 610 | 2 | 0 | |a východná Európa |
| 610 | 2 | 0 | |a konvertibilita |
| 610 | 2 | 0 | |a kurz výmenný |
| 610 | 2 | 0 | |a ceny |
| 610 | 2 | 0 | |a ZSSR |
| 610 | 2 | 0 | |a trh |
| 610 | 2 | 0 | |a mena |
| 100 | 1 | |a Bomhoff, E.J. | |